000 00773cab a2200265 4500
001 X3622
008 090401t1996 xxu||||| |||| 00| 0 eng d
035 _a(Sirsi) u31584
041 _aeng
245 _aEuro court rules on fees
260 _c1996
350 _a0
490 _aCSM (Chartered Surveyor Monthly)
_v5(9) June 1996, 6(1)
520 _aThe European court has ruled on the `Guiot` case on comparability of fees between member states - in this case Belgium and Luxembourg.
650 _aBAD WEATHER STAMPS
650 _aBELGIUM
650 _aFEES
650 _aGUIOT
650 _aLOYALTY STAMPS
650 _aLUXEMBOURG
690 _aLAW
690 _aMANAGEMENT-BUSINESS MANAGEMENT-PROFESSIONAL PRACTICE
942 _n0
948 _c04/03/1997
999 _c21203
_d21203